Sports Quiz

Random Sports or Football Quiz
Score 0/45 Timer 05:00
0 Plays Today
Player % Correct
Jose Vidro
82.6%
Jose Vidro
82.6%
Ryan Zimmerman
82.6%
Nick Johnson
73.2%
Nick Johnson
73.2%
Nick Johnson
73.2%
Cristian Guzman
61.7%
Cristian Guzman
61.7%
Cristian Guzman
61.7%
Livan Hernandez
59.7%
Livan Hernandez
59.7%
Brian Schneider
57.7%
Brian Schneider
57.7%
Brad Wilkerson
51.7%
Brad Wilkerson
51.7%
Brad Wilkerson
51.7%
Brad Wilkerson
51.7%
Austin Kearns
38.3%
Elijah Dukes
33.6%
Lastings Milledge
32.2%
Ryan Church
28.2%
Ryan Church
28.2%
Vinny Castilla
28.2%
Player % Correct
Ryan Church
28.2%
Vinny Castilla
28.2%
Jose Guillen
26.8%
Jose Guillen
26.8%
John Patterson
24.8%
Ronnie Belliard
24.8%
Tony Batista
24.2%
Terrmel Sledge
23.5%
Terrmel Sledge
23.5%
Terrmel Sledge
23.5%
Paul Lo Duca
22.1%
Odalis Perez
18.1%
Juan Rivera
14.1%
Brendan Harris
13.4%
Brendan Harris
13.4%
Jamey Carroll
10.1%
Maicer Izturis
8.1%
Einar Diaz
8.1%
Einar Diaz
8.1%
Sun-Woo Kim
6.7%
Val Pascucci
6%
Josh Labandeira
4%

You're not logged in!

Compare scores with friends on all Sporcle quizzes.
OR
Log In

Sporcle TV

Today on Sporcle TV


Watch our educational content, quiz creation guides, and fun videos on Sporcle TV.

Show Comments

Extras

Top Quizzes Today


Score Distribution

Paid Content

Your Account Isn't Verified!

In order to create a playlist on Sporcle, you need to verify the email address you used during registration. Go to your Sporcle Settings to finish the process.

Report this User

Report this user for behavior that violates our Community Guidelines.

Details: